'The Grapes of Wrath' Travelers Quiz Stats

 Plays Quiz Updated Nov 26, 2017

Challenge
Share
Tweet
Embed
Score 0/13 Timer 02:00
0 Plays Today
% Correct
Tom Joad
92.1%
Ma Joad
83.7%
Pa Joad
81.3%
Rose of Sharon Joad Rivers
61.2%
Granma Joad
52.2%
Grampa Joad
50.9%
Jim Casy
41.3%
Uncle John Joad
39.4%
Al Joad
34.8%
Noah Joad
33%
Ruthie Joad
31.4%
Winfield Joad
28.5%
Connie Rivers
23.9%

You're not logged in!

Compare scores with friends on all Sporcle quizzes.
Join for Free
OR
Log In

You Might Also Like...

Show Comments

Extras

Top Quizzes Today


Score Distribution

Your Account Isn't Verified!

In order to create a playlist on Sporcle, you need to verify the email address you used during registration. Go to your Sporcle Settings to finish the process.

Report this User

Report this user for behavior that violates our Community Guidelines.

Details: